00373nam a22001217a 4500082002500000100003800025245005200063260003700115300001700152526003700169526003700206650000800243 a355bGUIcL-40, P-65 aSupply and transport dierectorate aGuidelines for study staff course entrance exam aNowsherabASC School pressc2004 a211 p.bill. a0b0c0d355_000000000000000_GUI a0b0c0d355_000000000000000_GUI aMCE